[Event "ARG-ch U12"]
[Site "Villa Carlos Paz"]
[Date "2004.09.02"]
[Round "3"]
[White "Lozeco, Polo"]
[Black "Pimentel, Guillermo"]
[Result "1/2-1/2"]
[WhiteElo "1863"]
[BlackElo "2037"]
[PlyCount "30"]
[EventDate "2004.09.01"]
[EventType "swiss"]
[EventRounds "9"]
[EventCountry "ARG"]
[SourceTitle "CBM 102 Extra"]
[Source "ChessBase"]
[SourceDate "2004.11.03"]
[SourceVersion "1"]
[SourceVersionDate "2004.11.03"]
[SourceQuality "1"]

1. e4 c5 2. Nf3 e6 3. Nc3 a6 4. d4 cxd4 5. Nxd4 Qc7 6. Bd3 b5 7. 0-0 Bb7 8. Be3 Nc6 9. Nce2 Nf6 10. Ng3 d5 11. exd5 Nxd5 12. Nxc6 Bxc6 13. Bd2 Bd6 14. Qg4 g6 15. Rad1 h5 1/2-1/2